US States - Click Quiz - Statistics

General Stats
  • This quiz has been taken 404 times
  • The average score is 34 of 50
Answers on the Map
Answers color-coded by a green-red scale on the quiz's map according to % correct below.
 
Answer Stats
Answer % Correct
Alaska
90%
California
90%
Florida
90%
Texas
87%
Hawaii
85%
Washington
83%
Idaho
79%
Maine
77%
New York
77%
Minnesota
76%
New Mexico
76%
Arizona
75%
South Dakota
75%
Georgia
74%
Michigan
73%
Montana
72%
Oregon
69%
Alabama
68%
Connecticut
68%
Nevada
68%
North Dakota
67%
Illinois
65%
Kentucky
65%
Nebraska
65%
Iowa
63%
North Carlonia
63%
West Virginia
63%
Louisiana
62%
Oklahoma
62%
South Carolina
62%
Colorado
61%
Delaware
61%
Indiana
61%
Tennessee
61%
Utah
61%
Virginia
61%
Ohio
60%
Pennsylvania
60%
Rhode Island
60%
Kansas
59%
New Hampshire
59%
Maryland
58%
Massachusetts
58%
New Jersey
58%
Vermont
57%
Wisconsin
57%
Mississippi
56%
Arkansas
53%
Missouri
52%
Wyoming
52%
No matching quizzes found
Score Distribution
Percent of People with Each Score
Percentile by Number Answered
Your Score History
You have not taken this quiz